| 000 | 00813nam a22001697a 4500 | ||
|---|---|---|---|
| 003 | NUST | ||
| 005 | 20221107094600.0 | ||
| 008 | 221107b ||||| |||| 00| 0 eng d | ||
| 082 | _a510,SAT | ||
| 100 |
_aSatyanarayana, Bhavanari _9102402 |
||
| 245 |
_aDiscrete Mathematics And Graph Theory / _cBhavanari Satyanarayana, Kuncham Syam Prasad |
||
| 250 | _a2nd ed | ||
| 260 |
_aNew Delhi _bPHI Learning Pvt Ltd _c 2009 |
||
| 300 | _axii, 519p. | ||
| 505 | _aDiscrete Mathematics (Page-3), Fundamentals of Logic (Page-19), Recurrences and Integer Functions (Page-72), Counting Techniques (Page-89), Algebraic Systems (Page-105), Preliminary Concepts (Page-331), Planarity Coloring and Partitioning (Page-416), Some Algebraic Aspects of Graphs (Page-446), Directed Graphs (Page-479). | ||
| 942 |
_2ddc _cBK _k510,SAT |
||
| 999 |
_c592256 _d592256 |
||